Plánování rozvoje energetických podniků: Jak postupovat při přípravě českých DSM projektů

Vznik a vývoj programov DSM - (Demand Side Management) riadenie na strane spotreby. Programy DSM ako súčasť plánovania rozvoja energetických podnikov a ich podnikania. Programy na zníženie spotreby energie. Vplyv deregulácie na programy DSM. Aktivity dodávateľov energie v oblasti úspor energie u zák...

Ausführliche Beschreibung

Gespeichert in:
Bibliographische Detailangaben
1. Verfasser: Zeman, J.
Format: Buchkapitel
Sprache:Tschechisch
Schlagworte:
Tags: Tag hinzufügen
Keine Tags, Fügen Sie das erste Tag hinzu!

MARC

LEADER 00000naa a2200000 4500
001 r019256
005 20221208131144.1
041 0 |a cze 
044 |a CZ 
245 1 0 |a Plánování rozvoje energetických podniků: Jak postupovat při přípravě českých DSM projektů  |c J. Zeman 
520 |a Vznik a vývoj programov DSM - (Demand Side Management) riadenie na strane spotreby. Programy DSM ako súčasť plánovania rozvoja energetických podnikov a ich podnikania. Programy na zníženie spotreby energie. Vplyv deregulácie na programy DSM. Aktivity dodávateľov energie v oblasti úspor energie u zákazníkov v jednotlivých krajinách. Postup pri príprave programov DSM v ČR. Formy programov DSM. Česká energetická legislatíva. 
610 2 0 |a úspory energie 
610 2 0 |a spotreba energie 
610 2 0 |a DSM 
610 2 0 |a projekty 
610 2 0 |a Česko 
610 2 0 |a energetika 
610 2 0 |a legislatíva 
100 1 |a Zeman, J.